Best Eminem Songs - Statistics

General Stats
  • This quiz has been taken 70 times
  • The average score is 9 of 15
Answer Stats
# Answer % Correct
1 Lose Yourself
91%
4 Without Me
91%
9 The Real Slim Shady
88%
2 Stan
76%
5 Not Afraid
74%
7 Love the Way You Lie
72%
11 Mockingbird
69%
10 Rap God
69%
12 My Name Is
67%
13 Till' I Collapse
55%
3 The Way I Am
41%
6 Cleanin' Out My Closet
38%
14 Berzerk
28%
15 Guilty Conscience
26%
8 Just Don't Give a ****
12%
No matching quizzes found
Score Distribution
Percent of People with Each Score
Percentile by Number Answered
Your Score History
You have not taken this quiz